Cuantificación de frutos con desarrollo completo e incompleto (FID) en dos genotipos híbridos de girasol (Helianthus annuus L.) con capacidad contrastante de producir frutos llenos expuestos a polinizadores diurnos o nocturnos /

Guardado en:
Autor Principal: Astiz, Valentina.
Autor Corporativo: Universidad Nacional del Sur. Departamento de Agronomía.
Otros Autores: Hernández, Luis F. (tutor.)
Formato: Libro
Idioma:Spanish
Publicado: Bahía Blanca, 2009.
Etiquetas: Agregar Etiqueta
Sin Etiquetas, Sea el primero en etiquetar este registro!
LEADER 00874nam a22001695a 4500
001 EEA.libagro008166
005 20171011093829.0
008 130809s2009####ag#a##########000#0#spa#d
082 0 4 |a 633.85 
100 1 |a Astiz, Valentina. 
245 1 0 |a Cuantificación de frutos con desarrollo completo e incompleto (FID) en dos genotipos híbridos de girasol (Helianthus annuus L.) con capacidad contrastante de producir frutos llenos expuestos a polinizadores diurnos o nocturnos /  |c Valentina Astiz. 
260 |a Bahía Blanca,  |c 2009. 
300 |a 45 h. :  |b il. ;  |c 30 cm. 
500 |a Trabajo de intensificación (Ingeniero Agrónomo) -- Universidad Nacional del Sur. Departamento de Agronomía, 2009. 
700 1 |a Hernández, Luis F.  |q (Luis Francisco),  |e tutor. 
710 2 |a Universidad Nacional del Sur.  |b Departamento de Agronomía. 
859 |a AR-BbBCA  |b BIB. AGRONOMIA  |h 633.85  |i A872  |p 2009/5555